Bondad moral e inteligencia ética: Nueve ensayos de la ética de los valores

Saved in:
Bibliografiske detaljer
Hovedforfatter: Palacios, Juan Miguel (autor)
Format: Bog
Sprog:spansk
Udgivet: Madrid Encuentro 2008
Serier:Colección Ensayos Filosofía, 353
Fag:
Tags: Tilføj Tag
Ingen Tags, Vær først til at tagge denne postø!

MARC

LEADER 00000cam a2200000 a 4500
001 UCH2898
003 CL-VaPUC
008 090702e20080000SP |||||||||||||||||spa|d
020 |a 9788474909203 
082 0 4 |a 170  |b PAL  |2 21 
100 |a Palacios, Juan Miguel  |e autor  |9 537965 
245 1 0 |a Bondad moral e inteligencia ética: Nueve ensayos de la ética de los valores 
300 |a 155 p 
942 |c BK 
945 |d 20090702 00:00:00  |a dcastane 
260 |a Madrid  |b Encuentro  |c 2008 
650 0 |a Ética  |9 255099 
650 0 |a Filosofía moral   |9 310115 
650 7 |a FILOSOFIA PRACTICA  |2 CL-VaPUC  |9 330862 
650 0 |a Valores éticos   |9 416142 
583 |a last modification  |c 20161006 03:27:49  |k Rodrigo Vera 
490 0 |a Colección Ensayos Filosofía, 353 
999 |c 334559  |d 334557 
952 |0 0  |1 0  |4 0  |6 170_000000000000000_PAL_2008  |7 0  |8 A  |9 423661  |a BIBTEO  |b BIBTEO  |d 2019-11-22  |i 456927K  |o 170 PAL 2008  |p 456927K  |r 2025-01-17  |w 2019-11-22  |y BK  |k ICR 
952 |0 0  |1 0  |3 erb  |4 0  |6 170_000000000000000_PAL_2008  |7 0  |8 A  |9 423662  |a BIBEDU  |b BIBEDU  |i 5344441  |o 170 PAL 2008  |p 5344441  |r 2019-11-22  |w 2019-11-22  |y BK  |z Catalogado en:20161007  |k EPE